000 00454pab a2200157 454500
008 180718b2000 xxu||||| |||| 00| 0 eng d
100 _aHaque, M. Shamsul
245 _aSignificance of accountability under the new approach to public governance
260 _c2000
300 _ap.599-617
362 _aDec
650 _aAccountability
650 _aPublic administration
773 _aInternational Review of Administrative Sciences
909 _a48335
999 _c48335
_d48335